<?xml version="1.0" encoding="UTF-8"?>
<collection xmlns="http://www.loc.gov/MARC21/slim">
 <record>
  <leader>02524nab a2200253 i 4500</leader>
  <controlfield tag="001">acta79342</controlfield>
  <controlfield tag="005">20230826080824.0</controlfield>
  <controlfield tag="008">230712s2020    hu      o     0||   eng d</controlfield>
  <datafield tag="022" ind1=" " ind2=" ">
   <subfield code="a">0422-9576</subfield>
  </datafield>
  <datafield tag="040" ind1=" " ind2=" ">
   <subfield code="a">SZTE Egyetemi Kiadványok Repozitórium</subfield>
   <subfield code="b">hun</subfield>
  </datafield>
  <datafield tag="041" ind1=" " ind2=" ">
   <subfield code="a">eng</subfield>
  </datafield>
  <datafield tag="100" ind1="1" ind2=" ">
   <subfield code="a">Csapó János</subfield>
  </datafield>
  <datafield tag="245" ind1="1" ind2="0">
   <subfield code="a">Counterfeiting of milk and dairy products, and analytical methods suitable for the detection of counterfeiting</subfield>
   <subfield code="h">[elektronikus dokumentum] /</subfield>
   <subfield code="c"> Csapó János</subfield>
  </datafield>
  <datafield tag="260" ind1=" " ind2=" ">
   <subfield code="a">WESSLING Nemzetközi Kutató és Oktató Központ Közhasznú Nonprofit Kft.</subfield>
   <subfield code="b">Budapest</subfield>
   <subfield code="c">2020</subfield>
  </datafield>
  <datafield tag="300" ind1=" " ind2=" ">
   <subfield code="a">2814-2828</subfield>
  </datafield>
  <datafield tag="490" ind1="0" ind2=" ">
   <subfield code="a">Élelmiszervizsgálati közlemények</subfield>
   <subfield code="v">66 No. 1</subfield>
  </datafield>
  <datafield tag="520" ind1="3" ind2=" ">
   <subfield code="a">In the first part of this review article, the authors write about food counterfeiting in general, and then seek answers to the following questions: Are foods counterfeited today? What does food counterfeiting means and how to combat it? What official measures should be taken when food counterfeiting is detected? What sanctions can be imposed in case of food counterfeiting? In the context of counterfeiting milk and dairy products, the authors of the article report on the counterfeiting of milk from various animal breeds, such as buffalo, goat’s and sheep’s milk, as well as breast milk using cow’s milk, and also on mixing soy milk to cow’s milk. They also describe the detection of whey and buttermilk in milk, the determination of whey protein in dairy products, the analysis of milk produced from milk powder and other possibilities of milk and dairy product counterfeiting. Finally, they report on the detection of other fats in milk, butter and ghee (a traditional Indian butter formula made from buffalo milk – the Editor), the watering of milk, the determination of the extent of heat treatment of milk and dairy products, and the detection of the amount of spoiled milk unfit for consumption. The manuscript also describes the principles of analytical methods suitable for the detection of counterfeiting.</subfield>
  </datafield>
  <datafield tag="650" ind1=" " ind2="4">
   <subfield code="a">Műszaki és technológiai tudományok</subfield>
  </datafield>
  <datafield tag="650" ind1=" " ind2="4">
   <subfield code="a">Egyéb műszaki tudományok és technológiák</subfield>
  </datafield>
  <datafield tag="650" ind1=" " ind2="4">
   <subfield code="a">Élelmiszer és italfélék</subfield>
  </datafield>
  <datafield tag="695" ind1=" " ind2=" ">
   <subfield code="a">Élelmiszervizsgálat, Élelmiszerbiztonság, Tej, Tejtermékek, Élelmiszer-hamisítás, Élelmiszerkémia - módszer, Analitikai kémia - élelmiszeripar</subfield>
  </datafield>
  <datafield tag="700" ind1="0" ind2="1">
   <subfield code="a">Albert Csilla</subfield>
   <subfield code="e">aut</subfield>
  </datafield>
  <datafield tag="700" ind1="0" ind2="1">
   <subfield code="a">Szigeti Tamás János</subfield>
   <subfield code="e">aut</subfield>
  </datafield>
  <datafield tag="856" ind1="4" ind2="0">
   <subfield code="u">http://acta.bibl.u-szeged.hu/79342/1/elelmiszervizsgalati_kozlemenyek_2020_01_2814-2828.pdf</subfield>
   <subfield code="z">Dokumentum-elérés </subfield>
  </datafield>
 </record>
</collection>
